Normal view
MARC view
- البيع (فقه إسلامي) -- البنوك الإسلامية
Entry Topical Term
001 - CONTROL NUMBER
- control field: 43752
003 - CONTROL NUMBER IDENTIFIER
- control field: JO-AjAnu
005 - DATE AND TIME OF LATEST TRANSACTION
- control field: 20230606081241.0
008 - FIXED-LENGTH DATA ELEMENTS
- fixed length control field: 230606|| aca||aabn | a|a d
040 ## - CATALOGING SOURCE
- Original cataloging agency: JO-AjAnu
- Transcribing agency: JO-AjAnu
150 ## - HEADING--TOPICAL TERM
- Topical term or geographic name entry element: البيع (فقه إسلامي) -- البنوك الإسلامية
670 ## - SOURCE DATA FOUND
- Source citation: Work cat.: (JO-AjAnu)22399: إعداد هناء محمد هلال الحنيطي ؛ إشراف خالد أمين عبدالله ، أحمد العيادي, author 43751, بيع العينة والتورق : دراسة تطبيقية على المصارف الإسلامية